000
00318nam a2200109 a 4500
005
20201002045455.0
008
140717s2004 000 spa d
100
_a
Almánzar García, José Nicolás
_9
3006
245
0
_a
Educación cívica.
260
_a
[Santo Domingo] -- edi. desc.,
_c
[197?] -- 88 p.
999
_c
44065
_d
44065
040
_a
DO-SdBNP